[Event "Chess Classics"]
[Site "Frankfurt GER"]
[Date "1997.??.??"]
[Round "2"]
[White "Lobron, Eric"]
[Black "Topalov, Veselin"]
[Result "0-1"]
[WhiteElo "2570"]
[BlackElo "2725"]

1.d4 Cf6 2.Cf3 e6 3.c4 b6 4.a3 c5 5.d5 Fa6 6.b3 exd5 7.cxd5 g6 8.Fb2 Fg7 
9.e4 Fxf1 10.Rxf1 d6 11.Cbd2 O-O 12.Dc2 Te8 13.Te1 Cbd7 14.g3 b5 15.Rg2 
Cg4 16.Fxg7 Rxg7 17.h3 Cgf6 18.Te3 Db6 19.The1 Rg8 20.Db2 a5 21.Cg5 a4 22.
b4 Tac8 23.bxc5 Txc5 24.Cdf3 Ce5 25.Cxe5 dxe5 26.Tc3 Tec8 27.Txc5 Txc5 28.
Cf3 b4 29.axb4 Tc4 30.Dxe5 Tc2 31.Cd4 Td2 32.Tc1 Dxd4 0-1

[Event "Chess Classics 3. place"]
[Site "Frankfurt GER"]
[Date "1997.??.??"]
[Round "2"]
[White "Lobron, Eric"]
[Black "Topalov, Veselin"]
[Result "0-1"]
[WhiteElo "2570"]
[BlackElo "2725"]

1.Cf3 Cf6 2.c4 g6 3.g3 Fg7 4.Fg2 O-O 5.O-O d6 6.Cc3 e5 7.d3 Cc6 8.Tb1 h6 
9.b4 a6 10.a4 Fe6 11.b5 axb5 12.axb5 Ce7 13.Fb2 b6 14.Ta1 Tc8 15.Ce1 d5 
16.cxd5 Cexd5 17.Cc2 Cxc3 18.Fxc3 Cd5 19.Fb4 Te8 20.e4 Cxb4 21.Cxb4 Dd6 
22.Cc6 Ta8 23.Dc2 Fd7 24.Txa8 Txa8 25.Tc1 Ta3 26.Ff1 h5 27.Db2 Fe6 28.d4 
Ta2 29.dxe5 Dxc6 0-1

[Event "Chess Classics 3. place"]
[Site "Frankfurt GER"]
[Date "1997.??.??"]
[Round "3"]
[White "Topalov, Veselin"]
[Black "Lobron, Eric"]
[Result "1-0"]
[WhiteElo "2725"]
[BlackElo "2570"]

1.d4 f5 2.b3 Cf6 3.g3 e6 4.Fg2 d6 5.Ch3 Fe7 6.O-O O-O 7.Fb2 a5 8.c4 Ca6 9.
Cd2 c6 10.Cf4 g5 11.Cd3 Cb4 12.Ce1 De8 13.a3 Ca6 14.Cd3 Dg6 15.Dc2 Cc7 16.
e3 Ce4 17.a4 Fd7 18.c5 Cxd2 19.Dxd2 Cd5 20.cxd6 Fxd6 21.Fa3 Fxa3 22.Txa3 
f4 23.Ce5 Dg7 24.Taa1 Fe8 25.Rh1 Rh8 26.Ff3 Fg6 27.exf4 gxf4 28.Tae1 fxg3 
29.fxg3 Tf6 30.Fg2 Txf1+ 31.Txf1 Tf8 32.Txf8+ Dxf8 33.Dxa5 Fc2 34.Dd8 Dxd8
35.Cf7+ Rg8 36.Cxd8 Fxb3 37.a5 e5 38.dxe5 Ce3 39.Cxb7 1-0

[Event "Chess Classics"]
[Site "Frankfurt GER"]
[Date "1997.??.??"]
[Round "4"]
[White "Karpov, Anatoly"]
[Black "Topalov, Veselin"]
[Result "1/2-1/2"]
[WhiteElo "2760"]
[BlackElo "2725"]

1.d4 d5 2.c4 c6 3.Cc3 Cf6 4.e3 e6 5.Cf3 Cbd7 6.Fd3 Fd6 7.O-O O-O 8.Dc2 
dxc4 9.Fxc4 b5 10.Fd3 Fb7 11.Ce4 Cxe4 12.Fxe4 Cf6 13.Fd3 c5 14.dxc5 Fxc5 
15.Fxb5 Tc8 16.De2 Ce4 17.Fd3 Df6 18.Cd2 Cd6 19.e4 Dg6 20.g3 f5 21.e5 Ce4 
22.Cxe4 fxe4 23.Fc2 Fd5 24.Fb3 Tf3 25.Fe3 Fxe3 26.fxe3 Fxb3 27.axb3 Tcf8 
28.Tfd1 Dg4 29.Td2 h5 30.Rh1 Dh3 31.Tg1 Df5 32.Ta1 Dxe5 33.Txa7 h4 34.Tdd7
hxg3 35.Txg7+ Dxg7 36.Txg7+ Rxg7 37.Dc4 Th8 38.Dxe6 Tf1+ 39.Rg2 gxh2 40.
De7+ Tf7 41.De5+ Tf6 42.Rh1 Th6 43.b4 Rg8 44.Dd5+ Rh8 45.Dd8+ Rg7 46.De7+ 
Tf7 47.De5+ Rg8 48.Db5 Tg6 49.De8+ Rg7 50.De5+ Rg8 51.De8+ Rg7 52.De5+ 
Tff6 53.b5 Tg1+ 54.Rxh2 Tg6 55.b6 Th6+ 56.Rg3 Tg6+ 57.Rh4 Th6+ 1/2-1/2

[Event "Chess Classics"]
[Site "Frankfurt GER"]
[Date "1997.??.??"]
[Round "5"]
[White "Topalov, Veselin"]
[Black "Lobron, Eric"]
[Result "1/2-1/2"]
[WhiteElo "2725"]
[BlackElo "2570"]

1.Cf3 e6 2.c4 f5 3.g3 Cf6 4.Fg2 Fe7 5.O-O O-O 6.d4 d6 7.Cc3 a5 8.Te1 Ce4 
9.Dc2 Cc6 10.a3 Cxc3 11.bxc3 e5 12.Tb1 Ff6 13.e3 De8 14.a4 Df7 15.Cd2 Dh5 
16.Tb5 Te8 17.Tf1 Cd8 18.Fa3 c6 19.Tbb1 Cf7 20.f4 exd4 21.exd4 De2 22.Ff3 
De7 23.Rg2 Dc7 24.Dd3 Fe6 25.Tfe1 Tad8 26.Te2 Fc8 27.Tbe1 Txe2+ 28.Dxe2 g5
29.Dd3 Rh8 30.Rh1 gxf4 31.gxf4 c5 32.Cf1 Fh4 33.Te2 b6 34.Ce3 Ch6 35.h3 
Tg8 36.Cd5 Dd8 37.Tg2 Fg3 38.Rg1 Dh4 39.Cxb6 Te8 40.Fe2 Fxf4 41.Cd5 Fb7 
42.dxc5 Fxd5 43.cxd5 De1+ 44.Ff1 Fe3+ 45.Rh1 f4 46.c4 Tb8 47.Fb2+ Txb2 48.
Txb2 Cf5 49.Tb8+ Rg7 50.Tb7+ Rh6 51.Txh7+ Rxh7 52.Dxf5+ Rh6 53.Df6+ Rh7 
54.Df7+ Rh6 55.Df6+ 1/2-1/2

[Event "6. Magistral"]
[Site "Madrid ESP"]
[Date "1997.??.??"]
[Round "6"]
[White "Piket, Jeroen"]
[Black "Topalov, Veselin"]
[Result "0-1"]
[WhiteElo "2640"]
[BlackElo "2725"]

1.d4 Cf6 2.c4 c5 3.d5 b5 4.cxb5 a6 5.e3 g6 6.Cc3 Fg7 7.a4 O-O 8.Ta3 Fb7 9.
Cf3 e6 10.dxe6 fxe6 11.Fe2 d5 12.bxa6 Cxa6 13.O-O Cb4 14.Fd2 De7 15.Cb5 
Cc6 16.Db1 e5 17.h3 Rh8 18.Tc1 e4 19.Ch2 d4 20.exd4 cxd4 21.Da2 Tad8 22.a5
d3 23.Fg4 Cd5 24.a6 Ccb4 25.Db3 Cxa6 26.Cc7 Caxc7 27.Dxb7 Tb8 0-1

[Event "6. Amber Rapid"]
[Site "Monaco MNC"]
[Date "1997.??.??"]
[Round "1"]
[White "Karpov, Anatoly"]
[Black "Topalov, Veselin"]
[Result "1/2-1/2"]
[WhiteElo "2760"]
[BlackElo "2725"]

1.Cf3 Cf6 2.c4 g6 3.g3 c5 4.Fg2 Fg7 5.O-O Cc6 6.d4 cxd4 7.Cxd4 O-O 8.Cc3 
d6 9.Cxc6 bxc6 10.Fxc6 Tb8 11.Da4 Fb7 12.Fxb7 Txb7 13.Tb1 Dc8 14.Fd2 Dh3 
15.f3 Ch5 16.Tf2 De6 17.Rg2 Tc8 18.b3 Fd4 19.e3 Fxc3 20.Fxc3 Dxe3 21.Da5 
Cg7 22.Te1 Dc5 23.Td2 Dxa5 24.Fxa5 f6 25.Td5 Rf7 26.Fd2 a6 27.Ta5 Tc6 28.
Fe3 Ce6 29.Td1 Tbc7 30.h4 Cd8 31.g4 Cb7 32.Tad5 Tc8 33.h5 e6 34.T5d2 g5 
35.f4 gxf4 36.Fxf4 e5 37.Fe3 Tg8 38.Rh3 Re6 39.Tf1 Cc5 40.Te2 Tc7 41.Tf3 
Ce4 42.Tf1 d5 43.Fh6 Cc3 44.Tef2 Ce4 45.Te2 Cc3 46.Tef2 Ce4 47.Te2 Cc3 48.
Tef2 1/2-1/2

[Event "6. Amber Blindfold"]
[Site "Monaco MNC"]
[Date "1997.??.??"]
[Round "1"]
[White "Topalov, Veselin"]
[Black "Karpov, Anatoly"]
[Result "1/2-1/2"]
[WhiteElo "2725"]
[BlackElo "2760"]

1.c4 Cf6 2.Cc3 e5 3.Cf3 Cc6 4.g3 Fc5 5.Cxe5 Fxf2+ 6.Rxf2 Cxe5 7.b3 d5 8.d4
Cc6 9.h3 O-O 10.Fg2 dxc4 11.d5 Ce5 12.Dd4 Cfd7 13.Ff4 Df6 14.Thd1 Cd3+ 15.
Txd3 cxd3 16.Dxf6 Cxf6 17.e4 c6 18.d6 Fe6 19.Td1 Cd7 20.Txd3 a5 21.Td2 
Tfe8 22.e5 h5 23.Te2 Ff5 24.Ff3 Fxh3 25.Fxh5 Fe6 26.Te3 Cb6 27.Ce4 Cd5 28.
Te2 Ff5 29.Cc5 b6 30.Ca4 Tab8 31.Ff3 Fe6 32.Td2 Ted8 33.Fxd5 cxd5 34.Fe3 
b5 35.Cc5 Tdc8 36.a3 b4 37.axb4 axb4 38.Ta2 Ta8 39.Txa8 Txa8 40.d7 d4 41.
Fg5 Fxd7 42.Cxd7 Ta2+ 43.Rf3 Tc2 44.Re4 Tc3 45.Rxd4 Txb3 46.Ff4 Tf3 47.Cb6
b3 48.Cc4 Rh7 49.e6 fxe6 50.Fe5 g5 51.Re4 Tf2 52.Re3 Tf5 53.Rd2 Rg6 54.Rc3
Tf3+ 55.Rb2 Rf5 56.Fc7 Td3 57.Fb8 g4 58.Ff4 Re4 59.Ce5 1/2-1/2

[Event "6. Amber Rapid"]
[Site "Monaco MNC"]
[Date "1997.??.??"]
[Round "6"]
[White "Piket, Jeroen"]
[Black "Topalov, Veselin"]
[Result "1/2-1/2"]
[WhiteElo "2640"]
[BlackElo "2725"]

1.d4 Cf6 2.c4 c5 3.d5 b5 4.cxb5 a6 5.bxa6 g6 6.Cc3 Fxa6 7.e4 Fxf1 8.Rxf1 
d6 9.g3 Fg7 10.Rg2 O-O 11.Cf3 Cbd7 12.h3 Db6 13.Te1 Tfb8 14.Te2 Da6 15.De1
Ce8 16.Ff4 Fxc3 17.bxc3 f6 18.a4 Ce5 19.Fxe5 dxe5 20.Tea2 Dd3 21.De3 Dxe3 
22.fxe3 Cd6 23.Cd2 Ta5 24.g4 Rf7 25.Rf3 h5 26.Re2 c4 27.Rf3 Tba8 28.Rg3 
hxg4 29.hxg4 g5 30.Rf3 Re8 31.Cf1 Rd7 32.Cg3 Tb8 33.Cf5 Cxf5 34.exf5 Tb3 
35.Ta3 Tb8 36.e4 Rd6 37.T3a2 Tb3 38.Ta3 Rc5 39.Re3 Tb8 40.Td1 Tba8 41.Tb1 
Txa4 42.Txa4 Txa4 43.Tb7 Ta3 44.Tc7+ Rb5 45.Tb7+ Rc5 46.Tc7+ Rb5 47.Tb7+ 
Rc5 1/2-1/2

[Event "6. Amber Blindfold"]
[Site "Monaco MNC"]
[Date "1997.??.??"]
[Round "6"]
[White "Topalov, Veselin"]
[Black "Piket, Jeroen"]
[Result "1-0"]
[WhiteElo "2725"]
[BlackElo "2640"]

1.e4 e5 2.Cf3 Cc6 3.Fb5 a6 4.Fa4 Cf6 5.O-O Fe7 6.Te1 b5 7.Fb3 d6 8.c3 O-O 
9.h3 Cd7 10.d4 Cb6 11.Cbd2 exd4 12.cxd4 Cb4 13.Cf1 c5 14.a3 Cc6 15.Fe3 a5 
16.Tc1 c4 17.Fc2 d5 18.Ce5 Fb7 19.Cxc6 Fxc6 20.e5 Ca4 21.Tb1 Ta6 22.Cg3 g6
23.Fh6 Te8 24.e6 Fg5 25.exf7+ Rxf7 26.Df3+ Ff6 27.Ch5 Te4 28.Cxf6 Dxf6 29.
Fxe4 dxe4 30.Dg3 Ta7 31.d5 Fxd5 32.Tbd1 Df5 33.Db8 Tb7 34.Df8+ Re6 35.Dc8+
Td7 36.g4 Df7 37.Txd5 1-0

[Event "6. Amber Blindfold"]
[Site "Monaco MNC"]
[Date "1997.??.??"]
[Round "7"]
[White "Van Wely, Loek"]
[Black "Topalov, Veselin"]
[Result "1-0"]
[WhiteElo "2645"]
[BlackElo "2725"]

1.d4 g6 2.c4 Fg7 3.Cc3 d6 4.Cf3 e5 5.dxe5 dxe5 6.Dxd8+ Rxd8 7.Fd2 Fe6 8.
O-O-O Cd7 9.e4 f6 10.h3 Fh6 11.Fe2 c6 12.a3 Re7 13.b4 a5 14.Rb2 Cb6 15.c5 
Fxd2 16.Cxd2 axb4 17.axb4 Ca4+ 18.Cxa4 Txa4 19.Ta1 Txb4+ 20.Rc3 Td4 21.
Thb1 Td7 22.Ta8 Rf7 23.Fc4 Fxc4 24.Cxc4 Rg7 25.Cd6 Ce7 26.Ce8+ Rf7 27.Cxf6
Td3+ 28.Rxd3 Txa8 29.Cxh7 Ta2 30.Re3 Ta3+ 31.Re2 Ta2+ 32.Rf3 Tc2 33.Txb7 
Txc5 34.Cg5+ Rf6 35.h4 Tc3+ 36.Rg4 Tc2 37.f4 exf4 38.e5+ Rxe5 39.Txe7+ 1-0

[Event "6. Amber Rapid"]
[Site "Monaco MNC"]
[Date "1997.??.??"]
[Round "7"]
[White "Topalov, Veselin"]
[Black "Van Wely, Loek"]
[Result "1-0"]
[WhiteElo "2725"]
[BlackElo "2645"]

1.e4 d5 2.exd5 Dxd5 3.Cc3 Da5 4.d4 Cf6 5.Cf3 c6 6.Ce5 Fe6 7.Fc4 Fxc4 8.
Cxc4 Da6 9.De2 e6 10.Ff4 Cd5 11.Fd6 Cxc3 12.bxc3 Cd7 13.Fxf8 Rxf8 14.Dd3 
Re7 15.a4 Cb6 16.Ce5 Dxd3 17.cxd3 Cd7 18.Cf3 Thc8 19.Rd2 c5 20.Thb1 Tc7 
21.a5 Tac8 22.Ta3 cxd4 23.Cxd4 Cc5 24.Cb3 Cd7 25.c4 e5 26.Te1 Rd6 27.f4 f6
28.Rc3 Cc5 29.fxe5+ fxe5 30.Cxc5 Txc5 31.Te3 Tf8 32.Ta2 Tf6 33.Tg3 g6 34.
Th3 Tf7 35.Rb4 Tcc7 36.Te2 Tf1 37.The3 Tb1+ 38.Rc3 Tc5 39.Ta2 Tc1+ 40.Rd2 
Tf1 41.Te2 Th1 42.h3 Tf1 43.Re3 Tf7 44.g3 Re6 45.Teb2 Rd6 46.a6 b6 47.
Txb6+ axb6 48.a7 Tc8 49.a8=D Txa8 50.Txa8 Tf1 51.Td8+ Rc6 52.Th8 Tg1 53.
Rf2 Td1 54.Re2 Tg1 55.g4 Rc5 56.Txh7 e4 57.Tc7+ Rd6 58.Tg7 Rc5 59.dxe4 Tg3
60.Tc7+ Rd4 61.Tc6 g5 62.Txb6 Txh3 63.Tb5 Rxc4 64.Txg5 Rd4 65.e5 Te3+ 66.
Rf2 Txe5 67.Tg6 Rd5 68.Rg3 Te8 69.Rf4 Tf8+ 70.Rg5 Re5 71.Rh5 Rf4 72.g5 Rf5
73.Th6 Tf7 74.Th8 Rf4 75.g6 Tf5+ 76.Rh6 Rg4 77.g7 Th5+ 78.Rg6 Tg5+ 79.Rf6 
1-0

[Event "7. Amber Blindfold"]
[Site "Monaco MNC"]
[Date "1998.03.13"]
[Round "1"]
[White "Topalov, Veselin"]
[Black "Piket, Jeroen"]
[Result "1-0"]
[WhiteElo "2740"]
[BlackElo "2575"]

1.d4 Cf6 2.c4 e6 3.Cc3 d5 4.Fg5 Fe7 5.cxd5 exd5 6.e3 c6 7.Fd3 O-O 8.Dc2 
Cbd7 9.Cge2 Te8 10.O-O Cf8 11.a3 Cg4 12.Fxe7 Dxe7 13.h3 Ch6 14.Cg3 Dh4 15.
Tfe1 Fe6 16.b4 a6 17.Ca4 Te7 18.Cc5 Tae8 19.Ff1 Fc8 20.a4 Cg6 21.b5 axb5 
22.axb5 Dg5 23.bxc6 bxc6 24.Ta8 Ch4 25.Tb1 C6f5 26.Cxf5 Cxf5 27.Tbb8 Cd6 
28.Cd3 Tc7 29.Dc5 De7 30.Cb4 g6 31.Fa6 De6 32.Fxc8 Cxc8 33.Ta6 Rg7 34.Txc6
Txc6 35.Dxc6 Dxc6 36.Cxc6 Cd6 37.Txe8 Cxe8 38.g4 h6 39.f3 Rf6 40.Rf2 Re6 
41.h4 Cd6 42.Ce5 Cb5 43.Cd3 g5 44.h5 Ca3 45.Re2 Cc4 46.Cf2 Cd6 47.e4 Ce8 
48.Cd1 Cf6 49.e5 Cd7 50.Ce3 f6 51.exf6 Cxf6 52.Rd3 Cg8 53.Cf5 Rd7 54.Re3 
Re6 55.f4 Rf6 56.Rf3 Rf7 57.Cxh6+ Cxh6 58.fxg5 Cg8 59.Rf4 Re6 60.g6 Rf6 
61.g5+ Re6 62.g7 Ce7 63.h6 Cg6+ 64.Rg4 Rf7 65.Rf5 Rg8 66.Rf6 Ch4 67.h7+ 
1-0

[Event "7. Amber Rapid"]
[Site "Monaco MNC"]
[Date "1998.03.13"]
[Round "1"]
[White "Piket, Jeroen"]
[Black "Topalov, Veselin"]
[Result "1-0"]
[WhiteElo "2575"]
[BlackElo "2740"]

1.d4 Cf6 2.Cf3 e6 3.c4 c5 4.d5 d6 5.Cc3 exd5 6.cxd5 g6 7.h3 Fg7 8.e4 O-O 
9.Fe3 Te8 10.Cd2 Fd7 11.a4 Ca6 12.Fe2 Cb4 13.O-O b6 14.Ff3 Fc8 15.Cc4 Fa6 
16.b3 Cd7 17.Tc1 Ce5 18.Cb5 Fxb5 19.axb5 a6 20.Cxe5 Fxe5 21.Fe2 Ff6 22.f3 
Dd7 23.bxa6 b5 24.Fd2 Cxa6 25.Rh1 Cc7 26.Fc3 Fxc3 27.Txc3 Ta2 28.Tc2 Ta3 
29.Td2 De7 30.Dc1 Txb3 31.Ta2 Df6 32.Td1 c4 33.Ta7 Te7 34.Dh6 Tb2 35.Ff1 
c3 36.Tc1 Dd4 37.Tca1 Dg7 38.Df4 Df8 39.Dxd6 c2 40.Dc6 Ce8 41.Txe7 Dxe7 
42.Fd3 Cd6 43.Fxc2 De5 44.f4 Dxf4 45.Dc3 1-0

[Event "7. Amber Rapid"]
[Site "Monaco MNC"]
[Date "1998.03.15"]
[Round "3"]
[White "Sadler, Matthew D"]
[Black "Topalov, Veselin"]
[Result "1/2-1/2"]
[WhiteElo "2650"]
[BlackElo "2740"]

1.d4 Cf6 2.Cf3 e6 3.c3 b6 4.Fg5 Fb7 5.Cbd2 h6 6.Fxf6 Dxf6 7.e4 g6 8.Fd3 
Fg7 9.e5 De7 10.Fe4 d5 11.exd6 cxd6 12.Da4+ Rf8 13.Fxb7 Dxb7 14.O-O Ff6 
15.Tfe1 Cd7 16.Ce4 Fe7 17.c4 Tc8 18.Tad1 Rg7 19.h4 a6 20.h5 b5 21.cxb5 
Dxb5 22.Dxb5 axb5 23.hxg6 Rxg6 24.Cc3 Tb8 25.d5 e5 26.Cd4 b4 27.Ca4 Fg5 
28.Cc6 Tb7 29.Te4 b3 30.Ca5 Ta7 31.Cxb3 Tc8 32.Cc3 Tb7 33.Ta4 f5 34.Ta6 
Fe7 35.Tc6 Ta8 36.Td2 Rf7 37.Tc2 Tab8 38.Rf1 h5 39.g3 Ff8 40.Cd1 Cf6 41.
Ce3 Rg6 42.Tc8 Fh6 43.Txb8 Txb8 44.Tc6 Fxe3 45.fxe3 Ce4 46.Re1 Rg5 47.Cd2 
Cxd2 48.Rxd2 Txb2+ 49.Rc3 Txa2 50.Txd6 Ta3+ 51.Rd2 Rg4 52.Tg6+ Rf3 53.Tg5 
Re4 54.d6 Td3+ 55.Re2 Txe3+ 56.Rf2 Td3 57.Txh5 Td2+ 58.Re1 Txd6 59.Re2 Tg6
60.Rf2 Ta6 61.Th4+ Rd3 62.Th5 Ta2+ 63.Rf1 Re4 64.Tg5 Tb2 65.Th5 Tb3 66.Rg2
Tf3 67.Th1 Ta3 68.Th5 f4 69.gxf4 exf4 70.Tb5 Ta2+ 71.Rf1 Rf3 72.Tb3+ Rg4 
73.Tc3 1/2-1/2

[Event "7. Amber Blindfold"]
[Site "Monaco MNC"]
[Date "1998.03.15"]
[Round "3"]
[White "Topalov, Veselin"]
[Black "Sadler, Matthew D"]
[Result "1-0"]
[WhiteElo "2740"]
[BlackElo "2650"]

1.d4 d5 2.c4 dxc4 3.e4 Cf6 4.e5 Cd5 5.Fxc4 Cc6 6.Cc3 Cb6 7.Fb5 Fd7 8.Cf3 
e6 9.a3 Ce7 10.Fd3 Fc6 11.O-O Dd7 12.Ce4 Cg6 13.h4 O-O-O 14.g3 Dd5 15.h5 
f5 16.exf6 gxf6 17.hxg6 hxg6 18.Te1 f5 19.Fg5 Td7 20.Tc1 Tdh7 21.Fh4 Fa4 
22.De2 fxe4 23.Fxe4 Dh5 24.Cg5 Fe7 25.Cxh7 Dxh7 26.Fxe7 Dh2+ 27.Rf1 Fb5 
28.Dxb5 1-0

[Event "7. Amber Blindfold"]
[Site "Monaco MNC"]
[Date "1998.03.17"]
[Round "5"]
[White "Topalov, Veselin"]
[Black "Van Wely, Loek"]
[Result "1-0"]
[WhiteElo "2740"]
[BlackElo "2605"]

1.Cf3 Cf6 2.c4 e6 3.Cc3 d5 4.d4 c5 5.cxd5 Cxd5 6.e4 Cxc3 7.bxc3 cxd4 8.
cxd4 Fb4+ 9.Fd2 Fxd2+ 10.Dxd2 O-O 11.Fc4 Cc6 12.O-O b6 13.Tad1 Fb7 14.Tfe1
Tc8 15.h4 h6 16.Df4 Df6 17.Dg3 Ca5 18.Fd3 Cc4 19.Fxc4 Txc4 20.Ce5 Tc7 21.
d5 exd5 22.Cg4 Dc3 23.Cxh6+ Rh7 24.Df4 Te7 25.e5 Fc8 26.Tc1 Dd3 27.Cg4 Df5
28.Dxf5+ Fxf5 29.Ce3 Fe6 30.Ted1 Td8 31.Td4 Tdd7 32.f4 g6 33.g4 Tc7 34.
Txc7 Txc7 35.f5 gxf5 36.gxf5 Fc8 37.Txd5 Tc3 38.Rf2 Ta3 39.Td8 Txa2+ 40.
Rf3 Fb7+ 41.Rf4 Ta4+ 42.Rg5 Ff3 43.Td7 Te4 44.Cd5 Txe5 45.Cf6+ Rg7 46.Td8 
1-0

[Event "7. Amber Rapid"]
[Site "Monaco MNC"]
[Date "1998.03.17"]
[Round "5"]
[White "Van Wely, Loek"]
[Black "Topalov, Veselin"]
[Result "1/2-1/2"]
[WhiteElo "2605"]
[BlackElo "2740"]

1.d4 Cf6 2.c4 e6 3.Cf3 c5 4.e3 a6 5.Cc3 d5 6.cxd5 exd5 7.Fe2 Cc6 8.O-O Fd6
9.b3 cxd4 10.Cxd4 O-O 11.Cxc6 bxc6 12.Fb2 Te8 13.Tc1 h5 14.Ca4 Cg4 15.Fxg4
Fxg4 16.Dd4 Fe5 17.Dd2 Df6 18.Fxe5 Txe5 19.f3 Ff5 20.Tc3 Tae8 21.Tfc1 De7 
22.Te1 Db4 23.Dc1 T8e6 24.Cc5 Tg6 25.Rh1 Dh4 26.Dd2 d4 27.Tc4 dxe3 28.Txe3
Td6 29.Dc1 De7 30.Txe5 Dxe5 31.Ce4 Td4 32.Txd4 Dxd4 33.Cg3 Fg6 34.Ce2 De5 
35.Cf4 Fh7 36.h3 h4 37.Dd2 g5 38.Ch5 Fg6 39.Dd8+ Rh7 40.Cf6+ Rg7 41.Cg4 
De1+ 1/2-1/2

[Event "7. Amber Rapid"]
[Site "Monaco MNC"]
[Date "1998.03.20"]
[Round "7"]
[White "Topalov, Veselin"]
[Black "Karpov, Anatoly"]
[Result "1-0"]
[WhiteElo "2740"]
[BlackElo "2735"]

1.Cf3 Cf6 2.c4 e6 3.Cc3 d5 4.d4 Fe7 5.Ff4 O-O 6.e3 c5 7.dxc5 Fxc5 8.a3 Cc6
9.Dc2 Da5 10.O-O-O Fe7 11.Rb1 Td8 12.Cd2 Db6 13.c5 Dxc5 14.Cb3 Cb4 15.axb4
Dxb4 16.Td4 Db6 17.Cb5 Ce8 18.Cc7 e5 19.Fxe5 Ff5 20.Fd3 Fxd3 21.Txd3 Tac8 
22.Tc3 Fb4 23.Cxd5 Txc3 24.Cxc3 De6 25.Fg3 Fxc3 26.Dxc3 De4+ 27.Dc2 Dxg2 
28.Td1 Ta8 29.Cc5 Cf6 30.Df5 h6 31.Cd7 Cxd7 32.Dxd7 Df3 33.Dd5 De2 34.Tc1 
Te8 35.h4 h5 36.b3 Dg4 37.Rb2 b6 38.Tc7 De2+ 39.Tc2 Dg4 40.Tc7 De2+ 41.Ra3
Da6+ 42.Rb4 Te6 43.Df5 1-0

[Event "7. Amber Blindfold"]
[Site "Monaco MNC"]
[Date "1998.03.20"]
[Round "7"]
[White "Karpov, Anatoly"]
[Black "Topalov, Veselin"]
[Result "1-0"]
[WhiteElo "2735"]
[BlackElo "2740"]

1.Cf3 c5 2.c4 Cf6 3.Cc3 d5 4.cxd5 Cxd5 5.d4 Cxc3 6.bxc3 g6 7.e3 Fg7 8.Fb5+
Fd7 9.Db3 O-O 10.O-O Dc7 11.Fa3 Fe6 12.d5 Fg4 13.Fe2 Cd7 14.h3 Fxf3 15.
Fxf3 Tab8 16.Fb2 b5 17.Tfd1 c4 18.Dc2 Cc5 19.Fa3 a5 20.Tab1 Tfd8 21.Fxc5 
Dxc5 22.Tdc1 Da3 23.h4 h5 24.g3 Tdc8 25.g4 hxg4 26.Fxg4 Td8 27.Ff3 Tb6 28.
Rg2 Rf8 29.Rh3 Tc8 30.h5 gxh5 31.Df5 Td8 32.Tc2 Tf6 33.De4 Dc5 34.Td1 Dc8+
35.Rg2 Tg6+ 36.Rf1 Dd7 37.Re2 Tg5 38.a4 bxa4 39.Dxc4 Tc8 40.Dd3 a3 41.c4 
Da4 42.Tdd2 Fb2 43.d6 exd6 44.Dxd6+ Rg8 45.Df4 Tg7 46.Fd5 Tf8 47.c5 Dxf4 
48.exf4 a2 49.Fxa2 Ff6 50.c6 Te8+ 51.Rf3 h4 52.c7 Tc8 53.Td6 Fe7 54.Tb6 
Rh8 55.Tcc6 1-0

[Event "Olympiad (men)"]
[Site "Elista RUS"]
[Date "1998.10.01"]
[Round "3"]
[White "Topalov, Veselin"]
[Black "Efimov, Igor"]
[Result "1-0"]
[WhiteElo "2700"]
[BlackElo "2530"]
[EventDate "1998.09.29"]

1.e4 c5 2.Cf3 e6 3.d4 cxd4 4.Cxd4 a6 5.Fd3 g6 6.c4 Fg7 7.Fe3 Cc6 8.Cxc6 
bxc6 9.c5 Fxb2 10.Cd2 Fxa1 11.Dxa1 f6 12.Cc4 a5 13.Cd6+ Rf8 14.O-O Fa6 15.
Fxa6 Txa6 16.f4 h5 17.Tf3 h4 18.Th3 a4 19.Ff2 Ta8 20.Fxh4 Rg7 21.f5 Da5 
22.Dc1 Tb8 23.Fe1 Da6 24.Tg3 De2 25.Fd2 Ce7 26.h3 Tb5 27.Te3 Dh5 28.Cxb5 
cxb5 29.Td3 gxf5 30.Txd7 De8 31.c6 Rg6 32.Fb4 Cc8 33.De3 Th5 34.Dg3+ Tg5 
35.Dc7 Dh8 36.Td8 1-0

[Event "Olympiad (men)"]
[Site "Elista RUS"]
[Date "1998.10.03"]
[Round "5"]
[White "Topalov, Veselin"]
[Black "Peng, Xiaomin"]
[Result "1-0"]
[WhiteElo "2700"]
[BlackElo "2550"]
[EventDate "1998.09.29"]

1.e4 e5 2.Cf3 Cc6 3.Fb5 a6 4.Fa4 Cf6 5.O-O Fe7 6.Te1 b5 7.Fb3 d6 8.c3 O-O 
9.h3 Cd7 10.d4 Cb6 11.Cbd2 exd4 12.cxd4 Cb4 13.Cf1 c5 14.a3 Cc6 15.Fe3 c4 
16.Fc2 d5 17.Ce5 Dc7 18.Cg3 g6 19.Df3 Fe6 20.Cxc6 Dxc6 21.Fh6 Tfe8 22.e5 
a5 23.Ch5 Cd7 24.Dg3 b4 25.Cg7 Ff8 26.Cxe8 Fxh6 27.Cd6 b3 28.Ff5 Cb6 29.f4
Fxf5 30.Cxf5 Ff8 31.Ch4 Ca4 32.f5 Cxb2 33.e6 Cd3 34.exf7+ Rxf7 35.Te6 b2 
36.Tf1 Db7 37.Cxg6 Fg7 38.De3 Ff6 39.Txf6+ Rxf6 40.De6+ Rg7 41.f6+ Rh6 42.
Ce7 1-0

[Event "Olympiad (men)"]
[Site "Elista RUS"]
[Date "1998.10.06"]
[Round "8"]
[White "Topalov, Veselin"]
[Black "Yermolinsky, Alex"]
[Result "1/2-1/2"]
[WhiteElo "2700"]
[BlackElo "2625"]
[EventDate "1998.09.29"]

1.e4 c6 2.d4 d5 3.Cd2 dxe4 4.Cxe4 Ff5 5.Cg3 Fg6 6.h4 h6 7.Cf3 Cf6 8.Ce5 
Fh7 9.Fd3 Fxd3 10.Dxd3 e6 11.Ff4 Cbd7 12.O-O-O Fe7 13.Rb1 O-O 14.Ce4 Cxe4 
15.Dxe4 Cxe5 16.Fxe5 Dd5 17.De2 Tad8 18.c4 Dd7 19.Dg4 f6 20.Ff4 e5 21.Dxd7
Txd7 22.dxe5 Txd1+ 23.Txd1 fxe5 24.Fg3 Td8 25.Txd8+ Fxd8 26.f3 h5 27.Rc2 
Rf7 28.Rd3 Re6 29.Re4 g6 30.Ff2 a6 31.g3 b5 32.b3 Fa5 33.g4 bxc4 34.bxc4 
Fd8 1/2-1/2

[Event "Olympiad (men)"]
[Site "Elista RUS"]
[Date "1998.10.10"]
[Round "11"]
[White "Topalov, Veselin"]
[Black "Jussupow, Artur"]
[Result "1/2-1/2"]
[WhiteElo "2700"]
[BlackElo "2640"]
[EventDate "1998.09.29"]

1.Cf3 d5 2.d4 Cf6 3.c4 e6 4.Cc3 Fe7 5.Ff4 O-O 6.e3 c5 7.dxc5 Fxc5 8.a3 Cc6
9.b4 Fe7 10.cxd5 exd5 11.Fe2 Fe6 12.Cd4 Tc8 13.O-O a5 14.Cxc6 Txc6 15.Dd4 
axb4 16.axb4 Fd6 17.Fxd6 Dxd6 18.h3 Dc7 19.Cb5 De7 20.Df4 Ce4 21.Cd4 Tb6 
22.b5 h6 23.De5 Dd6 24.Dxd6 Cxd6 25.Tfc1 Td8 26.f3 Rf8 27.Rf2 Re7 28.Fd3 
Tc8 29.Re2 Fd7 30.Txc8 Cxc8 31.Rd2 g6 32.Rc3 Td6 33.Ce2 Te6 34.Rd4 Rd6 35.
Cc3 Cb6 36.Tc1 Te8 37.e4 Fe6 38.e5+ Rd7 39.f4 h5 40.Ta1 Tc8 41.h4 Tc7 42.
g3 Tc8 43.Cd1 Cc4 44.Ta2 Rc7 45.Cc3 Td8 46.Ca4 Ta8 47.Cc3 Td8 48.Tc2 Rb6 
49.Tc1 Ra5 50.Ta1+ Rb6 51.Fe2 Rc7 52.Tb1 Cd2 53.Tb2 Cc4 54.Tb1 Cd2 55.b6+ 
Rc6 56.Tb4 Cc4 57.Ca4 Ta8 58.Ff3 Cd2 59.Fd1 Cc4 60.Ff3 Cd2 61.Fd1 Cc4 
1/2-1/2

[Event "Olympiad (men)"]
[Site "Elista RUS"]
[Date "1998.10.12"]
[Round "13"]
[White "Miladinovic, Igor"]
[Black "Topalov, Veselin"]
[Result "0-1"]
[WhiteElo "2555"]
[BlackElo "2700"]
[EventDate "1998.09.29"]

1.d4 Cf6 2.c4 g6 3.Cc3 Fg7 4.e4 d6 5.Cf3 O-O 6.Fe2 e5 7.O-O Ca6 8.d5 Cc5 
9.Dc2 a5 10.Fg5 h6 11.Fe3 b6 12.Cd2 Cg4 13.Fxg4 Fxg4 14.b3 f5 15.f3 Fh5 
16.a3 f4 17.Ff2 Ca6 18.Db2 g5 19.b4 g4 20.fxg4 Fxg4 21.Cf3 Ff6 22.Rh1 Rh7 
23.Tab1 Tg8 24.Fg1 Dd7 25.De2 Tg7 26.Dd3 Tag8 27.Tb2 Fh5 28.Ce1 Fh4 29.Cf3
Ff6 30.Ce1 axb4 31.axb4 Fh4 32.Ff2 Fxf2 33.Tfxf2 Dc8 34.Cf3 Dd8 35.Ce2 Cb8
36.g3 Cd7 37.Tg2 Df6 38.Tb3 Dg6 39.Tb1 Cf6 40.Cc3 Dg4 41.Tf1 Dh3 42.Ce2 
fxg3 43.Cfg1 Fxe2 44.Cxe2 Ch5 45.Df3 Tg5 46.De3 T8g7 47.Tf5 Txf5 48.exf5 
Dxf5 49.hxg3 Cf6 50.Cc3 Df1+ 51.Dg1 Dxc4 52.Db1+ Tg6 53.Dc2 0-1

[Event "8. Amber Blindfold"]
[Site "Monaco MNC"]
[Date "1999.03.17"]
[Round "2"]
[White "Van Wely, Loek"]
[Black "Topalov, Veselin"]
[Result "0-1"]
[WhiteElo "2632"]
[BlackElo "2700"]

1.d4 Cf6 2.c4 e6 3.Cf3 c5 4.d5 d6 5.Cc3 exd5 6.cxd5 g6 7.h3 Fg7 8.e4 O-O 
9.Fd3 b5 10.Cxb5 Te8 11.O-O Cxe4 12.Fxe4 Txe4 13.Cg5 Tb4 14.Df3 Ff5 15.g4 
Ff6 16.gxf5 Fxg5 17.fxg6 hxg6 18.Cxd6 Dxd6 19.Fxg5 Cd7 20.Tfe1 Td4 21.Te7 
Dxd5 22.Dxd5 Txd5 23.Fe3 a5 24.Tc1 a4 25.Te4 Ta5 26.Te8+ Rg7 27.Td8 Rf6 
28.h4 Re7 29.Tc8 Tb5 30.Te1 Rf6 31.Tc7 Txb2 32.Ff4 Txa2 33.Te3 Rf5 34.Fg3 
f6 35.Rg2 Ce5 36.Fxe5 fxe5 37.Tc6 Td4 38.Txc5 Tg4+ 39.Rf3 Tf4+ 40.Rg3 Tg4+
41.Rf3 Txh4 42.Tcxe5+ Rf6 43.Te6+ Rg5 44.T3e5+ Rh6 45.Ta5 Ta3+ 46.Rg2 Tg4+
47.Rf1 Ta1+ 48.Re2 Tf4 49.Taa6 Ta2+ 50.Re3 Tg4 51.f3 Ta3+ 52.Rf2 Ta2+ 53.
Re3 Tg1 54.Rf4 Th2 55.Te4 Th4+ 56.Re5 Txe4+ 57.Rxe4 Ta1 58.Rf4 a3 59.Rg3 
Rg5 60.Rg2 Rf5 61.Rg3 Re5 62.Rg2 g5 63.Ta5+ Rf4 64.Ta4+ Re3 65.Ta5 Rd3 66.
Txg5 Rc3 67.Tg8 Tb1 68.Tc8+ Rb2 69.Tb8+ Ra1 70.Ta8 a2 71.Rg3 Rb2 72.Rf4 
a1=D 73.Txa1 Txa1 74.Re5 Te1+ 75.Rd5 Tf1 76.Re4 Rc3 77.f4 Rc4 78.Re5 Rc5 
79.f5 Te1+ 0-1

[Event "8. Amber Rapidplay"]
[Site "Monaco MNC"]
[Date "1999.03.17"]
[Round "2"]
[White "Topalov, Veselin"]
[Black "Van Wely, Loek"]
[Result "1-0"]
[WhiteElo "2700"]
[BlackElo "2632"]

1.e4 c5 2.Cf3 d6 3.d4 cxd4 4.Cxd4 Cf6 5.Cc3 a6 6.Fe3 e6 7.g4 h6 8.h4 e5 9.
Cf5 g6 10.Cxh6 Fxh6 11.Fxh6 Fxg4 12.Dd2 Cbd7 13.Fg5 Db6 14.Tg1 Tc8 15.Tg3 
Dxb2 16.Tb1 Da3 17.Fxf6 Txc3 18.Txc3 1-0